Cricket: Most ODI Wickets in Each Calendar Year - Statistics

General Stats
  • This quiz has been taken 28 times
    2 since last reset
  • The average score is 43 of 53
Answer Stats
Year Country Wkts. Avg. Answer % Correct
1995 PAK 23 28.87 Aaqib Javed
100%
2020 AUS 27 23.74 Adam Zampa
100%
2016 AUS 30 27.80 Adam Zampa
100%
2014 SL 38 21.63 Ajantha Mendis
100%
2022 WI 30 30.70 Akeal Hosein
100%
2005 AUS 51 19.94 Brett Lee
100%
2001 SL 42 22.14 Chaminda Vaas
100%
2008 SA 74 20.01 Dale Steyn
100%
2007 NZ 43 26.11 Daniel Vettori
100%
1980 AUS 23 10.57 Dennis Lillee
100%
2021 SL 20 29.30 Dushmantha Chameera
100%
2017 PAK 45 17.04 Hasan Ali
100%
2004 IND 47 26.38 Irfan Pathan
100%
1986 IND 32 26.06 Kapil Dev
100%
2023 IND 49 20.48 Kuldeep Yadav
100%
2012 SL 47 32.08 Lasith Malinga
100%
2011 SL 48 19.25 Lasith Malinga
100%
1979 ENG 16 27.06 Lord Ian Botham
100%
2006 BAN 49 20.46 Mashrafe Mortaza
100%
2025 NZ 31 18.58 Matt Henry
100%
2009 AUS 63 27.42 Mitchell Johnson
100%
2015 AUS 41 16.26 Mitchell Starc
100%
2019 IND 42 22.64 Mohammed Shami
100%
2003 SL 46 15.89 Muttiah Muralitharan
100%
2018 AFG 48 14.45 Rashid Khan
100%
2013 PAK 62 20.45 Saeed Ajmal
100%
1997 PAK 69 18.73 Saqlain Mushtaq
100%
1996 PAK 65 19.52 Saqlain Mushtaq
100%
2010 BAN 46 26.00 Shakib Al Hasan
100%
1999 AUS 62 23.27 Shane Warne
100%
1994 AUS 50 20.90 Shane Warne
100%
2002 SA 54 23.59 Shaun Pollock
100%
2000 SA 61 21.62 Shaun Pollock
100%
1976 WI 8 8.50 Sir Andy Roberts
100%
1991 WI 30 19.03 Sir Curtly Ambrose
100%
1989 WI 33 22.55 Sir Curtly Ambrose
100%
1988 WI 28 15.21 Sir Curtly Ambrose
100%
2024 SL 26 15.61 Wanindu Hasaranga
100%
1990 PAK 47 12.63 Waqar Younis
100%
1993 PAK 45 18.88 Wasim Akram
100%
1992 PAK 43 21.62 Wasim Akram
100%
1983 NZ 36 24.19 Ewen Chatfield
50%
1985 WI 35 18.09 Joel Garner
50%
1982 WI 18 11.83 Joel Garner
50%
1987 ENG 43 28.26 John Emburey
50%
1998 IND 58 23.75 Ajit Agarkar
0%
1984 AUS 31 22.65 Carl Rackemann
0%
1974 ENG 6 28.17 Chris Old
0%
1975 AUS 13 8.46 Gary Gilmour
0%
1973 ENG 5 10.40 Geoffrey Arnold
0%
1981 AUS 25 17.64 Greg Chappell
0%
1978 PAK 8 14.38 Hasan Jamil
0%
1977 ENG 10 13.50 John Lever
0%
No matching quizzes found
Score Distribution
Percent of People with Each Score
Percentile by Number Answered
Your Score History
You have not taken this quiz since the last reset